| 000 | 01886nam a2200565 i 4500 | ||
|---|---|---|---|
| 001 | 17959 | ||
| 003 | KOSZ 005 | ||
| 005 | 20240405063027.0 | ||
| 008 | 020718s1977 pl b |001 0 pol | ||
| 015 | _aPB 1978/294 | ||
| 035 | _a991018779549705066 | ||
| 035 | _a(PL-WaBN)b15090516-48omnis_nlop | ||
| 035 | _ab15090516 | ||
| 035 | _a(OCoLC)830321595 | ||
| 035 | _a(PL)b0000001509051 | ||
| 035 | _a(EXLNZ-48OMNIS_NETWORK)9910090541905606 | ||
| 040 |
_aWA N _cWA N _dKOSZ 005/HR |
||
| 041 | 0 |
_apol _beng |
|
| 046 | _k1977 | ||
| 080 | _a528.9(438)"16/19" | ||
| 080 | _a912(438)"16/19" | ||
| 080 | _a016 | ||
| 100 | 1 |
_aGwardak, Tadeusz _eAutor |
|
| 245 | 1 | 0 |
_aPolskie piśmiennictwo kartograficzne (1659-1939) / _cTadeusz Gwardak. |
| 260 |
_aWrocław ; _aGdańsk. : _bZakład Narodowy im. Ossolińskich, _c1977 |
||
| 300 |
_a256 s. ; _c24 cm. |
||
| 336 |
_2rdacontent _aTekst _btxt |
||
| 337 |
_2rdamedia _aBez urządzenia pośredniczącego _bn |
||
| 338 |
_2rdacarrier _aWolumin _bnc |
||
| 380 | _aKsiążki | ||
| 380 | _aPublikacje naukowe | ||
| 380 | _aPublikacje informacyjne | ||
| 388 | _a1901-2000 | ||
| 388 | _a1945-1989 | ||
| 490 | 1 |
_aMonografie z Dziejów Nauki i Techniki / Polska Akademia Nauk. Instytut Historii Nauki, Oświaty i Techniki ; _vt. 111 |
|
| 504 | _aBibliogr. - Indeks. | ||
| 546 | _aStreszcz. ang. | ||
| 648 | 7 |
_a1601-1700 _2DBN |
|
| 648 | 7 |
_a1701-1800 _2DBN |
|
| 648 | 7 |
_a1801-1900 _2DBN |
|
| 648 | 7 |
_a1901-2000 _2DBN |
|
| 650 | 7 |
_aKartografia _2DBN |
|
| 650 | 7 | _aHistoria | |
| 655 | 7 |
_aBibliografia _2DBN |
|
| 658 | _aGeografia i nauki o Ziemi | ||
| 830 | 0 |
_aMonografie z Dziejów Nauki i Techniki _vt. 111 |
|
| 856 |
_uhttp://koha.tu.koszalin.pl/cgi-bin/koha/opac-detail.pl?biblionumber=17959 _yKatalog online BPK |
||
| 942 |
_2UKD _cKS |
||
| 999 |
_c17959 _d17959 |
||